Loading...
| Science - Chemistry | 0 | 10 | 0 | 2 | 100 | 46 | 83.40 | 2 | 8 | 0.00 | 0.00 |
| Fine Arts - Classical Music | 0 | 10 | 0 | 2 | 100 | 53 | 80.30 | 4 | 8 | 0.00 | 0.00 |
| Science - Biology | 0 | 8 | 0 | 2 | 80 | 31 | 88.38 | 2 | 4 | 0.00 | 0.00 |
| Literature - British | 0 | 8 | 1 | 0 | 75 | 65 | 81.38 | 5 | 8 | 0.00 | 0.00 |
| Literature - World | 0 | 7 | 1 | 1 | 65 | 81 | 112.00 | 2 | 6 | 0.00 | 0.00 |
| Fine Arts - Painting and Sculpture | 0 | 6 | 0 | 0 | 60 | 46 | 93.17 | 3 | 5 | 0.00 | 0.00 |
| Literature - American | 0 | 6 | 0 | 0 | 60 | 49 | 82.83 | 2 | 5 | 0.00 | 0.00 |
| Social Science | 0 | 5 | 1 | 0 | 45 | 56 | 81.40 | 2 | 5 | 0.00 | 0.00 |
| Fine Arts - Other | 0 | 4 | 0 | 0 | 40 | 46 | 77.00 | 3 | 4 | 0.00 | 0.00 |
| Philosophy | 0 | 4 | 0 | 0 | 40 | 92 | 119.25 | 1 | 4 | 0.00 | 0.00 |
| History - World | 0 | 5 | 2 | 2 | 40 | 78 | 117.40 | 0 | 3 | 0.00 | 0.00 |
| Literature - European | 0 | 4 | 1 | 0 | 35 | 36 | 86.50 | 2 | 3 | 0.00 | 0.00 |
| History - European | 0 | 3 | 0 | 0 | 30 | 53 | 80.67 | 2 | 2 | 0.00 | 0.00 |
| Religion | 0 | 3 | 1 | 0 | 25 | 77 | 99.33 | 1 | 3 | 0.00 | 0.00 |
| Science - Other | 0 | 2 | 0 | 0 | 20 | 90 | 92.00 | 0 | 2 | 0.00 | 0.00 |
| History - Other | 0 | 2 | 0 | 0 | 20 | 86 | 101.00 | 1 | 1 | 0.00 | 0.00 |
| Science - Physics | 0 | 3 | 2 | 1 | 20 | 87 | 101.33 | 1 | 3 | 0.00 | 0.00 |
| Geography | 0 | 2 | 0 | 0 | 20 | 61 | 89.00 | 2 | 2 | 0.00 | 0.00 |
| Mythology | 0 | 2 | 1 | 1 | 15 | 102 | 125.00 | 1 | 1 | 0.00 | 0.00 |
| History - American | 0 | 2 | 1 | 0 | 15 | 74 | 74.50 | 2 | 2 | 0.00 | 0.00 |
| Other Academic | 0 | 1 | 0 | 0 | 10 | 100 | 100.00 | 1 | 1 | 0.00 | 0.00 |